Conferencias sobre la pasión de Nuestro Señor Jesucristo predicadas en la Basilica de S. Pedro, en Roma, por el M.R.P. Ventura de Raulica

Detalles Bibliográficos
Autor principal: Raulica, Ventura de
Formato: Libro
Lenguaje:Undetermined
Spanish
Publicado: Paris : librería de Garnier hermanos, 1859.
Materias:
Colección:Banco de datos
Acervo:Biblioteca Palafoxiana. Colección bibliográfica
Descripción Física:xxiv, 567, [1], p. : il. ; 4°
Tema general:Hagiografía
Notas:Incluye retrato del R.P. Ventura de Raulica. Sello en tinta: Biblioteca de la Universidad Católica Angelopolitana. Daños en la encuadernación (3644). Número de localización: 3644, 3679, 4750.
LEADER 00795nam a2200169Ia 4500
008 150723s9999 xx 000 0 und d
041 0 |a spa 
050 0 |a PAFX BR1710 R3 
100 1 |a Raulica, Ventura de 
245 1 0 |a Conferencias sobre la pasión de Nuestro Señor Jesucristo predicadas en la Basilica de S. Pedro, en Roma, por el M.R.P. Ventura de Raulica 
260 |a Paris : librería de Garnier hermanos, 1859. 
300 |a xxiv, 567, [1], p. : il. ; 4° 
500 |a Incluye retrato del R.P. Ventura de Raulica. Sello en tinta: Biblioteca de la Universidad Católica Angelopolitana. Daños en la encuadernación (3644). Número de localización: 3644, 3679, 4750. 
650 1 0 |a Hagiografía 
942 |c PALALIB 
943 |g Biblioteca Palafoxiana. Colección bibliográfica 
999 |c 1051141  |d 1051141